Microeconomics/ (Record no. 9030)

MARC details
000 -LEADER
fixed length control field 00657nam a22002177a 4500
003 - CONTROL NUMBER IDENTIFIER
control field OSt
005 - DATE AND TIME OF LATEST TRANSACTION
control field 20240702095805.0
008 - FIXED-LENGTH DATA ELEMENTS--GENERAL INFORMATION
fixed length control field 240702b |||||||| |||| 00| 0 eng d
020 ## - INTERNATIONAL STANDARD BOOK NUMBER
International Standard Book Number 0201664690
040 ## - CATALOGING SOURCE
Transcribing agency MUST
082 ## - DEWEY DECIMAL CLASSIFICATION NUMBER
Edition number 10th ed.
Classification number 338.5 LIP 2001
100 ## - MAIN ENTRY--PERSONAL NAME
Personal name Lipsey,Richard G.
9 (RLIN) 18238
245 ## - TITLE STATEMENT
Title Microeconomics/
Statement of responsibility, etc. Richard G. Lipsey and Christopher T.S. Ragan
250 ## - EDITION STATEMENT
Edition statement 10th canadian ed.
260 ## - PUBLICATION, DISTRIBUTION, ETC. (IMPRINT)
Place of publication, distribution, etc. Toronto:
Name of publisher, distributor, etc. Addison Wesley Longman;
Date of publication, distribution, etc. c2001.
300 ## - PHYSICAL DESCRIPTION
Extent xxix,863p:
Other physical details col.ill;
Dimensions 25cm.
504 ## - BIBLIOGRAPHY, ETC. NOTE
Bibliography, etc Includes mathematical notes and index
650 ## - SUBJECT ADDED ENTRY--TOPICAL TERM
Source of heading or term Microeconomics
700 ## - ADDED ENTRY--PERSONAL NAME
Personal name Ragan,Christopher T.S.
9 (RLIN) 18239
942 ## - ADDED ENTRY ELEMENTS (KOHA)
Source of classification or shelving scheme Dewey Decimal Classification
Koha item type Open Shelf
Holdings
Withdrawn status Lost status Source of classification or shelving scheme Damaged status Not for loan Home library Current library Date acquired Source of acquisition Inventory number Total Checkouts Full call number Barcode Date last seen Price effective from Koha item type
    Dewey Decimal Classification     MUST Main Library MUST Main Library 02/07/2024 purchase 05/24148   338.5 LIP 2001 2024-21655 02/07/2024 02/07/2024 Open Shelf
    Dewey Decimal Classification     MUST Main Library MUST Main Library 02/07/2024 purchase 05/24146   338.5 LIP 2001 2024-21656 02/07/2024 02/07/2024 Open Shelf
    Dewey Decimal Classification     MUST Main Library MUST Main Library 02/07/2024 purchase 05/24145   338.5 LIP 2001 2024-21657 02/07/2024 02/07/2024 Open Shelf